Responses for show #4153 - Wednesday, September 25, 2002

Contestants

[<< previous game]

Keith Parrish, a social studies teacher from Goldsboro, North Carolina

Cindy Kratzer, an educator from Marina del Rey, California

Richard Bonny, a software engineer from Kirkland, Washington (whose 1-day cash winnings total $26,700)

[next game >>]

Jeopardy! Round responses

THOMAS AQUINAS, ADVICE COLUMNIST
ROCK & ROLL HEAVEN
ORGANIZATION SYMBOLS & LOGOS
EAT YOUR WAY ACROSS THE U.S.A.
DOUBLE-LETTERED CREATURES
CROSSWORD CLUES "P"
    $200 11
the sabbath

Cindy
    $200 2
George Harrison

Keith
    $200 24
YMCA

Cindy
    $200 17
crab

Cindy
    $200 12
giraffe

Keith
    $200 1
pie

Keith
    $400 20
sin

Cindy
    $400 3
Wilson

Keith
    $400 25
The Salvation Army

Keith
    $400 18
Omaha

Richard
    $400 13
cheetah

Keith
    $400 7
(Richard: What is...[time]?)

pram

RichardKeith
    $600 21
tithes

Cindy
    $600 4
Frank Zappa

Keith
    $600 26
Seeing Eye Dogs

Keith
    $600 19
malts

Triple Stumper
    $600 14
baboon

Richard
    $600 8
pharmacy

Richard
    $800 22
(Keith: What is communion?)
...
(Alex: Good news for you, Keith; your response of "communion" is acceptable.)

the eucharist

RichardKeith
    $800 5
(Keith: Who is Dusty Springfield?)

Karen Carpenter

Keith
Triple Stumper
    $800 27
Goodwill

Keith
    $800 29
chicken wings

Richard
    $1,300 15
hippopotamus

Richard
    $800 9
prow

Richard
    $1000 23
(Keith: What is the soul?)

the trinity

RichardKeith
    $1000 6
Curtis Mayfield

Triple Stumper
    $1000 28
Points of Light Foundation

Triple Stumper
    $1000 30
Atlanta

Triple Stumper
    $1000 16
gazelle

Keith
    $1000 10
polygamist

Richard

Scores at the first commercial break (after clue 16):

Richard Cindy Keith
$3,900 $200 $2,600

Scores at the end of the Jeopardy! Round:

Richard Cindy Keith
$6,900 $1,600 $4,200

Double Jeopardy! Round responses

SCOTTISH HISTORY
PLANE & SIMPLE
"O" MYTH!
CELEB L.L.s
ON THE LANDSCAPE
VERBS
    $400 12
Mary, Queen of Scots

Cindy
    $400 3
Hannibal

Richard
    $400 23
Oedipus

Keith
    $400 5
(Cindy: Who is Minnelli?)

Lorna Luft

CindyKeith
    $400 18
fork

Keith
    $400 1
Succeed

Cindy
    $800 14
bagpipes

Cindy
    $800 4
English Channel

Keith
    $800 24
(Alex: With a minute to go.)

Odin

Keith
    $800 6
Loretta Lynn

Keith
    $800 19
Oasis

Keith
    $800 2
leap

Richard
    $2,000 15
(Cindy: What are stones?)

R-O-A-D-S

Cindy
    $1200 28
cargo jet

Richard
    $1200 25
Osiris

Cindy
    $1200 7
Lucy Liu

Keith
    $1200 20
fountainhead

Keith
    $1200 10
pan

Keith
    $1600 16
Canada (Prince Edward Island)

Triple Stumper
    $1600 29
Japan

Triple Stumper
    $1600 26
Orion

Keith
    $1600 8
Lorenzo Lamas

Keith
    $5,000 21
Glade

Keith
    $1600 11
case

Richard
    $2000 17
David Hume

Triple Stumper
    $2000 30
(Keith: What is a B-24?)

B-29 (the one that carried the atomic bomb)

RichardKeith
    $2000 27
Orestes

Richard
    $2000 9
Laura Linney

Cindy
    $2000 22
knoll

Keith
    $2000 13
reckon

Keith

Scores at the end of the Double Jeopardy! Round:

Richard Cindy Keith
$14,900 $4,000 $22,400

[wagering suggestions for these scores]

Final Jeopardy! Round responses

MOVIE MOUNTAINS
CindyWhat is Mt. Everest?
$3,500
RichardWhat is Masada?
$6,900
KeithWhat is the Matterhorn?
$7,401
the Matterhorn

Final scores:

Richard Cindy Keith
$8,000 $500 $29,801
2nd place: $2,000 3rd place: $1,000 New champion: $29,801

Game dynamics:

Coryat scores:

Richard Cindy Keith
$14,400 $6,000 $19,000
15 R
(including 1 DD),
1 W
10 R,
2 W
(including 1 DD)
27 R
(including 1 DD),
3 W

Combined Coryat: $39,400

The J! Archive is created by fans, for fans. The Jeopardy! game show and all elements thereof, including but not limited to copyright and trademark thereto, are the property of Jeopardy Productions, Inc. and are protected under law. This website is not affiliated with, sponsored by, or operated by Jeopardy Productions, Inc. Join the discussion at JBoard.tv.